• 首页
  • 本馆介绍
  • 公告通知
  • 最新文献
  • 馆藏检索
  • 电子资源
  • 读者导购
  • 参考咨询
  • 我的图书馆
  • 登录
  • 详细信息显示
  • 放入我的书架
  • 预约/预借图书
  • 作者相关作品
  • 分类相关作品
  • 丛书相关作品
  • 出版社相关作品

书目信息

  • 表格格式
  • 工作单格式
  • 卡片格式
题名:
谁来帮你打赢官司 教你如何维护自身权利
    
 
作者: 王立,陈志迅编著
分册:  
出版信息: 北京   中国人民解放军出版社  1996.05
页数: 252页
开本: 32开
丛书名:
单 册:
中图分类: D920.5
科图分类:
主题词: 法律--中国
电子资源:
ISBN: 7-5065-3132-1
000 00620nam0 2200181 45
001 9911301546
005 19991130154359.8
010    @a7-5065-3132-1@d12.00
100    @a19991130d1996 km y0chiy0120 ea
101    @achi
105    @a z 000yy
200 1  @a谁来帮你打赢官司 教你如何维护自身权利@AShui Lai Bang Ni Da Ying Guan Si Jiao Ni Ru He Wei Hu Zi Shen Quan Li@f王立,陈志迅编著@FWang Li,Chen Zhi Xun Bian Zhu
210    @a北京@c中国人民解放军出版社@d1996.05
215    @a252页@c无图表@d32开
606 0  @a法律@x中国
690    @aD920.5@v3
801    @aCN@bPerfectUser@c19991130
905    @aBZT@b62193-195@f3@dD920.5@e11
    
    谁来帮你打赢官司 教你如何维护自身权利/王立,陈志迅编著.-北京:中国人民解放军出版社,1996.05
    252页:无图表;32开
    
    
    ISBN 7-5065-3132-1:12.00
    
●
相关链接 在五车中查询图书 在当当中查询图书 在豆瓣中查询图书


正题名:谁来帮你打赢官司 教你如何维护自身权利     索取号:D920.5/11         预约/预借

序号 登录号 条形码 馆藏地/架位号 状态 备注
1 62193   200386634   中心书库南/007架A面2层4列/ [索取号:D920.5/11] 在馆    
2 62195   200380729   中心书库南/012架B面6层3列/ [索取号:D920.5/11] 在馆    
山东省滨州职业学院图书馆 欢迎您!
大连网信软件有限公司© 版权所有